000 00311nam a2200145Ia 4500
100 _aCary/ Howard B.
942 _cRB
654 _aWelding
245 _aModern Welding technology
260 _bprentice hall
_aNew Jersey
_c1979
082 _a671.52
_bCar
300 _a736
546 _aENGLISH
999 _c22161
_d22161